000 00921nam a22001937a 4500
008 240221t2024 xxk|||||o|||| 00| 0 eng d
041 _aeng
110 _aRoyal Institution of Chartered Surveyors
245 _aEveryday life at work
_h[Electronic resource]
260 _aLondon,
_bRoyal Institution of Chartered Surveyors,
_cFebruary 2024
490 _aRICS Rules of Conduct
520 _aGuidance to support Rule 4 of the RICS Rules of Conduct on Diversity, Equity and Inclusion. This paper focuses on inclusive language; speaking up; the use of social media; planning social events
650 _aDIVERSITY
650 _aINCLUSIVITY
651 _aUnited Kingdom
710 _aRoyal Institution of Chartered Surveyors
856 _uhttps://www.rics.org/profession-standards/rics-standards-and-guidance/conduct-competence/diversity-equity-inclusion/everyday-life-at-work
_zAvailable free on RICS.org
942 _n0
999 _c121802
_d121802